Giáo trình ngữ pháp căn bản 2 = Basic English Grammar 2
Giáo trình gồm 03 chương với nội dung chính là cung cấp kiến thức về các loại cụm từ, các loại
Đã lưu trong:
| Format: | Bog |
|---|---|
| Sprog: | Undetermined |
| Udgivet: |
Cần Thơ
Nxb. Đại học Cần Thơ
2017
|
| Fag: | |
| Tags: |
Tilføj Tag
Ingen Tags, Vær først til at tagge denne postø!
|
| Thư viện lưu trữ: | Trung tâm Học liệu Trường Đại học Cần Thơ |
|---|
| LEADER | 00822nam a2200241Ia 4500 | ||
|---|---|---|---|
| 001 | CTU_218011 | ||
| 008 | 210402s9999 xx 000 0 und d | ||
| 020 | |c 55000 | ||
| 082 | |a 425 | ||
| 082 | |b Gi108 | ||
| 245 | 0 | |a Giáo trình ngữ pháp căn bản 2 = | |
| 245 | 0 | |b Basic English Grammar 2 | |
| 245 | 0 | |c Phương Hoàng Yến ... [et al.] | |
| 260 | |a Cần Thơ | ||
| 260 | |b Nxb. Đại học Cần Thơ | ||
| 260 | |c 2017 | ||
| 520 | |a Giáo trình gồm 03 chương với nội dung chính là cung cấp kiến thức về các loại cụm từ, các loại | ||
| 526 | |a Ngữ pháp trung cấp | ||
| 526 | |b SG280 | ||
| 650 | |a English language | ||
| 650 | |x Grammar | ||
| 904 | |i Tuyến | ||
| 980 | |a Trung tâm Học liệu Trường Đại học Cần Thơ | ||